Asia, Africa y Oceanía

Gespeichert in:
Bibliographische Detailangaben
Format: keine Angabe
Sprache:Spanisch
Erschienen: Buenos Aires Editorial Kapelusz 1970
Katalog:MANES:  Suchergebnis im Bibliothekskatalog
Schulbuchspezifische Eigenschaften:
Schriftenreihe:Conocimientos Básicos. Serie Geografía
Tags: Tag hinzufügen
Keine Tags, Fügen Sie den ersten Tag hinzu!
Hinzugefügt zu:26.04.2016
Geändert in:07.05.2025

MARC

LEADER 000000000a22000000004500
001 39532
005 20250507125827.0
008 160427s ag ||||| |||| 00| 0 spa d
040 |a MANES  |c manes 
245 0 0 |a Asia, Africa y Oceanía 
260 |a Buenos Aires  |b Editorial Kapelusz  |c 1970 
300 |a 103 p.  |c 16 x 23 cm. 
490 |a Conocimientos Básicos. Serie Geografía  
500 |a Signatura topográfica: HTA 1970 ASIa 1 (Sala A) 
546 |a Argentina 
561 |5 ar-DOCE  |a Argentina. Biblioteca del Docente  |k MANES 
690 0 |a GEO 
691 0 |a SE 
942 |2 ddc  |c BK 
999 |c 43849  |d 43849 
999 |c manes:43849  |d 43849